000 00502nam a22001697a 4500
999 _c5552
_d5552
003 GBCCL
005 20241126110544.0
008 180327b ||||| |||| 00| 0 eng d
040 _cgbc
082 _aVER 266.00922
_bMIS
245 _aMissionary Minthangte /
_cCompiled by Missions Committee, EBC Lamphelpat
260 _aLamphelpat:
_bMissions Committee, EBC Lamphelpat,
_c2001
300 _a79 p.;
_c18 cm.
650 _aChristian Biography
_91119
650 _aMissionaries
_93863
942 _2ddc
_cBK
_07